Les ressources du travail intellectuel en France / (Record no. 128676)
[ view plain ]
| 000 -LEADER | |
|---|---|
| campo de control de longitud fija | 01051nam a2200193 i 4500 |
| 001 - NÚMERO DE CONTROL | |
| campo de control | 128676 |
| 003 - IDENTIFICADOR DE NÚMERO DE CONTROL | |
| campo de control | ES-MaACL |
| 005 - FECHA Y HORA DE LA ÚLTIMA TRANSACCIÓN | |
| campo de control | 20230906193336.0 |
| 007 - CAMPO FIJO DE DESCRIPCIÓN FÍSICA--INFORMACIÓN GENERAL | |
| campo de control de longitud fija | t| |
| 008 - DATOS DE LONGITUD FIJA--INFORMACIÓN GENERAL | |
| campo de control de longitud fija | 070523s1921 fr ||||1| fre d |
| 100 1# - ENTRADA PRINCIPAL--NOMBRE DE PERSONA | |
| Nombre de persona | Tassy, Edme. |
| 9 (RLIN) | 109376 |
| 245 14 - MENCIÓN DEL TÍTULO | |
| Título | Les ressources du travail intellectuel en France / |
| Mención de responsabilidad, etc. | par Edme Tassy et Pierre Léris ; avec une préface de M. le Général Sebert. |
| 260 ## - PUBLICACIÓN, DISTRIBUCIÓN, ETC. | |
| Lugar de publicación, distribución, etc. | París : |
| Nombre del editor, distribuidor, etc. | Gauthier-Villars et Cie., |
| Fecha de publicación, distribución, etc. | 1921. |
| 300 ## - DESCRIPCIÓN FÍSICA | |
| Extensión | XXI, 711 p. ; |
| Dimensiones | 23 cm. |
| 505 8# - NOTA DE CONTENIDO CON FORMATO | |
| Nota de contenido con formato | Contiene: Renseignements généraux. - Sociétés savantes. - Associations professionnelles. - Encouragements et aides financiers. - Créations diverses pour le perfectionnement des études et pour l'expansion intellectuelle. - Services et établissements scientifiques spéciaux. - Périodiques spéciaux. - Bibliothèques et dépôts d'archives. - Bibliothèques circulantes, d'échange, de prêt. - Indications bibliographiques |
| 651 #4 - PUNTO DE ACCESO ADICIONAL DE MATERIA--NOMBRE GEOGRÁFICO | |
| Nombre geográfico | Francia- |
| Subdivisión general | Vida intelectual. |
| 9 (RLIN) | 157372 |
| 700 1# - ENTRADA AGREGADA--NOMBRE PERSONAL | |
| Nombre de persona | Léris, Pierre. |
| 9 (RLIN) | 71774 |
| 852 ## - LOCALIZACIÓN | |
| Ubicación | ES-MaACL |
| Número de control de estantería | E-13082 |
| Estatus retirado | Estado de pérdida | Estado de daño | No para préstamo | Biblioteca de origen | Biblioteca actual | Ubicación en estantería | Fecha de adquisición | Fuente de adquisición | Total de préstamos | Signatura topográfica completa | Código de barras | Visto por última vez | Precio de reemplazo | Tipo de ítem Koha |
|---|---|---|---|---|---|---|---|---|---|---|---|---|---|---|
| Biblioteca del Ateneo de Madrid | Biblioteca del Ateneo de Madrid | Depósito 2 | 17/01/2008 | E-13082 | 1134008 | 23/02/2023 | 23/02/2023 | Libro impreso |
